Statistics for Teen Wolf Ultimate Characters Quiz

Click here to take the quiz!

General Stats

  • This quiz has been taken 5,185 times
  • The average score is 18 of 32

Answer Stats

HintAnswer% Correct
Main Character/ True AlphaScott
100%
Sidekick/Best Friend of True AlphaStiles
100%
BansheeLydia
99%
Girlfriend of Main CharacterAllison
98%
Thunder KisuneKira
98%
WerecoyoteMalia
97%
First KanimaJackson
96%
Nephew of the aboveDerek
89%
Father of the abovePeter
89%
Dead twinAiden
74%
Alive twinEthan
73%
Dead male betaBoyd
72%
Dead female betaErica
72%
Best Friend of the aboveLiam
60%
Ex-boyfriend of the aboveDanny
56%
Hunter's DadChris Argent
54%
Hunter's AuntKate Argent
54%
The BeastMason
53%
Girlfriend of the aboveHayden
47%
HellhoundJordan Parrish
41%
Evil ChimeraTheo
38%
NurseMelissa McCall
35%
Alpha of the AlphasDeucalion
33%
Sidekick's DadSheriff Stilinski
33%
CoachBobby Finstock
27%
Kanima's First MasterMatt
25%
Werewolf no shoesKali
23%
Kanima's Second MasterGerard Argent
18%
MercenaryBraeden
16%
Druid Emissary/VeterinarianDr Alan Deaton
14%
DarachJennifer Blake
14%
School Counsellor/French TeacherMarin Morrell
7%

Score Distribution

Percentile by Number Answered

Percent of People with Each Score

Your Score History

You have not taken this quiz